[Event "IECG QN.2001.0.00178"]
[Site "IECG email"]
[Date "2001.04.30"]
[Round "?"]
[White "Allbert, Richard"]
[Black "Davidson, Allan D"]
[Result "0-1"]
[WhiteElo "800"]
[BlackElo "800"]
[PlyCount "56"]
[EventDate "2001.04.30"]
[EventType "tourn (corr)"]
[EventRounds "6"]
[SourceTitle "Corr 2008"]
[Source "ChessBase"]
[SourceDate "2008.06.24"]
[SourceVersion "1"]
[SourceVersionDate "2008.06.24"]
[SourceQuality "1"]

1. e4 c5 2. Nf3 d6 3. d4 cxd4 4. Nxd4 Nf6 5. Nc3 e6 6. f4 Nc6 7. Bb5 Bd7 8. Bd3 Nxd4 9. Be3 Qb6 10. 0-0 Ng4 11. Qxg4 d5 12. exd5 exd5 13. f5 Bc5 14. Nxd5 Ne2+ 15. Qxe2 Bxe3+ 16. Qxe3+ Qxe3+ 17. Nxe3 0-0 18. Nd5 Rae8 19. Rfe1 Bc6 20. Ne7+ Kh8 21. Nxc6 bxc6 22. b4 f6 23. Rad1 g5 24. fxg6 hxg6 25. Bxg6 Re5 26. Rxe5 fxe5 27. c3 Kg7 28. Be4 Rc8 0-1

[Event "IECG QN.2001.0.00178"]
[Site "IECG email"]
[Date "2001.04.30"]
[Round "?"]
[White "Shah, Sehba"]
[Black "Allbert, Richard"]
[Result "0-1"]
[WhiteElo "800"]
[BlackElo "800"]
[PlyCount "42"]
[EventDate "2001.04.30"]
[EventType "tourn (corr)"]
[EventRounds "6"]
[SourceTitle "Corr 2008"]
[Source "ChessBase"]
[SourceDate "2008.06.24"]
[SourceVersion "1"]
[SourceVersionDate "2008.06.24"]
[SourceQuality "1"]

1. e4 c6 2. d4 d5 3. Nc3 g6 4. Be3 Bg7 5. Be2 Qb6 6. Rb1 dxe4 7. Nxe4 Nd7 8. Nf3 Ngf6 9. Nxf6+ Nxf6 10. 0-0 0-0 11. Qd2 Rd8 12. Qc1 Bf5 13. d5 c5 14. b4 Nxd5 15. bxc5 Nc3 16. cxb6 Nxe2+ 17. Kh1 Nxc1 18. Rfxc1 axb6 19. Rxb6 Rd7 20. Rcb1 Be4 21. Nd2 Rad8 0-1

[Event "IECG QN.2001.0.00163"]
[Site "IECG email"]
[Date "2001.02.05"]
[Round "?"]
[White "Fernandez, Paco"]
[Black "Allbert, Richard"]
[Result "1/2-1/2"]
[WhiteElo "930"]
[BlackElo "800"]
[PlyCount "41"]
[EventDate "2001.02.05"]
[EventType "tourn (corr)"]
[EventRounds "6"]
[SourceTitle "Corr 2008"]
[Source "ChessBase"]
[SourceDate "2008.06.24"]
[SourceVersion "1"]
[SourceVersionDate "2008.06.24"]
[SourceQuality "1"]

1. c4 e5 2. Nc3 Nf6 3. Nf3 Nc6 4. d3 Bb4 5. Qd2 e4 6. dxe4 Nxe4 7. Qc2 Nxc3 8. bxc3 Qf6 9. Bb2 Ba5 10. e3 d6 11. Be2 0-0 12. 0-0 Bf5 13. Bd3 Bxd3 14. Qxd3 Rad8 15. Rfd1 a6 16. Rac1 Rfe8 17. Rc2 Ne5 18. Nxe5 dxe5 19. Qe2 Rxd1+ 20. Qxd1 c6 21. Rd2 1/2-1/2